000 00645nam a2200205Ia 4500
005 20260121110124.0
008 008 260114s9999 xx 000 0 hin d
020 _a9788132300564
037 _aEBOOK
040 _aCRL
_bhin
_cCRL
041 _ahin
_2hin
084 _qCRL
100 _aअहमद अली / Ahmed Ali
_9942320
245 0 _aसल्तनतकालीन प्रशासन / Sultanatkaaleen prashasan
260 _bभाषा प्रकाशन / Bhasha Prakashan
_c2020
856 _uhttps://bhashaprakashan.com/product-details/377722
942 _cEBOOK
999 _c1533985
_d1533985